Name Every American Girl "Girl of the year" - Statistics

General Stats
  • This quiz has been taken 55 times
  • The average score is 17 of 24
Answer Stats
Hint Answer % Correct
2012 McKenna
84%
2013 Saige
84%
2009 Chrissa
77%
2016 Lea
77%
2001 Lindsey
77%
2014 Isabelle
74%
2011 Kanani
74%
2010 Lanie
74%
2006 Jess
71%
2023 Kavi
71%
2024 Lila
71%
2005 Marisol
71%
2008 Mia
71%
2022 Corinne
68%
2017 Gabriella
68%
2015 Grace
68%
2003 Kailey
68%
2007 Nicki
68%
2019 Blaire
65%
2020 Joss
65%
2021 Kira
61%
2018 Luciana
58%
2009 Gwen
55%
2009 Sonali
55%
No matching quizzes found
Score Distribution
Percent of People with Each Score
Percentile by Number Answered
Your Score History
You have not taken this quiz